UM Logo

DNA analysis for missing person identification in mass fatalities/ (Record no. 1165)

MARC details
000 -LEADER
fixed length control field 00768nam a22002057a 4500
008 - FIXED-LENGTH DATA ELEMENTS--GENERAL INFORMATION
fixed length control field 160302b xxu||||| |||| 00| 0 eng d
020 ## - INTERNATIONAL STANDARD BOOK NUMBER
International Standard Book Number 978-1-4665-1384-6
082 ## - DEWEY DECIMAL CLASSIFICATION NUMBER
Edition number 2014
Classification number DC 614.1
Item number So73
100 ## - MAIN ENTRY--PERSONAL NAME
9 (RLIN) 3288
Personal name Sozer, Amanda C.
245 ## - TITLE STATEMENT
Title DNA analysis for missing person identification in mass fatalities/
Statement of responsibility, etc. Amanda C. Sozer.
260 ## - PUBLICATION, DISTRIBUTION, ETC. (IMPRINT)
Place of publication, distribution, etc. Boca Raton, FL:
Name of publisher, distributor, etc. CRC Press, Talor & Francis Group,
Date of publication, distribution, etc. ©2014.
300 ## - PHYSICAL DESCRIPTION
Extent xix, 296 pages:
Other physical details illustrations (some colored)
Dimensions 25 cm.
500 ## - GENERAL NOTE
General note Includes bibliographical references and index.
650 #0 - SUBJECT ADDED ENTRY--TOPICAL TERM
9 (RLIN) 3289
Topical term or geographic name as entry element Dead
General subdivision Identification
650 #0 - SUBJECT ADDED ENTRY--TOPICAL TERM
9 (RLIN) 3290
Topical term or geographic name as entry element Missing persons
General subdivision Identification
650 #0 - SUBJECT ADDED ENTRY--TOPICAL TERM
9 (RLIN) 3291
Topical term or geographic name as entry element Mass casualties
General subdivision Management
650 #0 - SUBJECT ADDED ENTRY--TOPICAL TERM
9 (RLIN) 3292
Topical term or geographic name as entry element Forensic pathology
365 ## - TRADE PRICE
Price amount 9,995.00
Currency code Php
942 ## - ADDED ENTRY ELEMENTS (KOHA)
Source of classification or shelving scheme Dewey Decimal Classification
Koha item type Circulation
Holdings
Withdrawn status Lost status Source of classification or shelving scheme Damaged status Not for loan Collection code Home library Current library Date acquired Source of acquisition Total Checkouts Full call number Barcode Date last seen Copy number Price effective from Koha item type
    Dewey Decimal Classification     Circulation UM Digos College - LIC UM Digos College - LIC 09/25/2014 Purchased   DC 614.1 So73 2014 22386 05/15/2025 1 03/02/2016 Circulation